000 00531nam a22001817a 4500
003 BD-DhJNU
005 20250225064638.0
008 250225b |||||||| |||| 00| 0 eng d
040 _aBD-DhJNU
_bENG
_cBD-DhJNU
_dBD-DhJNU
082 _223
_a100
100 _aPatrick, George Thomas White
245 _aIntroduction to philosophy /
_cGeorge Thomas White Patrick
260 _aNew Delhi :
_bSurjeet Publications,
_c2004.
300 _axii, 482 p. :
_c22 cm.
504 _aincludes inmdex
650 _aPhilosophy
942 _2ddc
_cBK
_n0
999 _c1390
_d1390